Learning from the American Way (Record no. 84821)
[ view plain ]
| 000 -LEADER | |
|---|---|
| fixed length control field | 00888cab a22002175a 4500 |
| 001 - CONTROL NUMBER | |
| control field | L159174 |
| 008 - FIXED-LENGTH DATA ELEMENTS--GENERAL INFORMATION | |
| fixed length control field | 160224e20160220xxk 000 0 eng d |
| 035 ## - SYSTEM CONTROL NUMBER | |
| System control number | (Sirsi) u159174 |
| 041 0# - LANGUAGE CODE | |
| Language code of text/sound track or separate title | eng |
| 100 1# - MAIN ENTRY--PERSONAL NAME | |
| Personal name | Guyatt, Richard |
| 245 00 - TITLE STATEMENT | |
| Title | Learning from the American Way |
| 260 ## - PUBLICATION, DISTRIBUTION, ETC. | |
| Date of publication, distribution, etc. | 2016 |
| 490 ## - SERIES STATEMENT | |
| Series statement | Estates Gazette |
| Volume/sequential designation | (1607) 20 February 2016, 66-68(3) |
| 520 ## - SUMMARY, ETC. | |
| Summary, etc. | Compares UK and USA compulsory purchase regimes. Discusses two reports issued ten years ago by the Law Commission which recommended change but they were shelved by the government. Argues that compared to compulsory purchase legislation in the USA the UK does not provide the appropriate balance between those assembling land and those being dispossessed. |
| 590 ## - LOCAL NOTE (RLIN) | |
| Local note | KA |
| 651 #4 - SUBJECT ADDED ENTRY--GEOGRAPHIC NAME | |
| Geographic name | United Kingdom |
| 651 #4 - SUBJECT ADDED ENTRY--GEOGRAPHIC NAME | |
| Geographic name | United States |
| 690 ## - LOCAL SUBJECT ADDED ENTRY--TOPICAL TERM (OCLC, RLIN) | |
| Topical term or geographic name as entry element | Compulsory purchase |
| 9 (RLIN) | 6228 |
| 700 1# - ADDED ENTRY--PERSONAL NAME | |
| Personal name | Smith, Colin |
| 942 ## - ADDED ENTRY ELEMENTS (KOHA) | |
| Suppress in OPAC | 0 |
| Withdrawn status | Lost status | Source of classification or shelving scheme | Damaged status | Not for loan | Home library | Current library | Shelving location | Date acquired | Total Checkouts | Full call number | Barcode | Date last seen | Copy number | Price effective from | Koha item type |
|---|---|---|---|---|---|---|---|---|---|---|---|---|---|---|---|
| Dewey Decimal Classification | London | London | Journal article | 24/02/2016 | L159174 | 159174-1001 | 06/08/2019 | 1 | 06/08/2019 | Journal article |